000 00937cam a2200265 a 4500
001 000014868
005 20250424134022.0
008 760921s1975 ag b 001 0 spa
040 _aDO-SdBNP
_bspa
_cDLC
_dBNPHU
082 _a306
_bS275m
100 1 _aSazbón, José,
_d(1937-2008)
_933683
245 1 0 _aMito e historia en la antropología estructural /
_cJosé Sazbón.
260 _aBuenos Aires, Argentina :
_bEdiciones Nueva Visión,
_c1975.
300 _a94 p. ;
_c20 cm.
490 1 _aFichas
_v51
505 0 _aEl pensamiento mítico -- Sartre y la razón estructuralista -- El nuevo humanismo de la antropología estructural.
504 _aIncluye referencias bibliográficas.
650 4 _aAntropología social
_92424
650 4 _aEtnología
_92825
650 4 _aAntropología urbana
_933684
650 0 _a Humanismo
_933685
830 0 _aFichas ;
_v51
_933686
910 _aCatalogación por copia / LC
049 _aBNGR
999 _c14448
_d14448